000 00358nam a22001457a 4500
020 _a9789693520606
040 _cNUST
082 _a891.4393
_bQAS
100 _aQasmi, Ahmad Nadeem
_93596
245 _aTaloo-O-Gharoob
260 _aLAHORE
_bSang-E-Meel Publications
_c2007
300 _b143P
650 _2Urdu Literature-Short Stories
942 _2ddc
_cBK
999 _c585785
_d585785